000
00302nam a2200121Ia 4500
005
20260328101516.0
008
260328s9999||||xx |||||||||||||| ||und||
100
_a
UIA
245
0
_a
Construction and ReConstruction of Towns (1945/1957) - Vol. 2 /
_c
UIA
260
_b
---
650
_a
EUROPA
942
_c
BK
999
_c
9375
_d
9375